|
|
|
|
| LEADER |
00000nam0a2200000 4500 |
| 001 |
248096 |
| 005 |
20231101232345.0 |
| 010 |
|
|
|a 9785406034064
|
| 035 |
|
|
|a (RuTPU)RU\TPU\book\269764
|
| 090 |
|
|
|a 248096
|
| 100 |
|
|
|a 20140117d2014 m y0rusy50 ca
|
| 101 |
0 |
|
|a rus
|
| 102 |
|
|
|a RU
|
| 105 |
|
|
|a y j 001zy
|
| 200 |
1 |
|
|a Организация предпринимательской деятельности
|e учебное пособие
|f Р. В. Савкина, Е. Г. Мальцева
|
| 210 |
|
|
|a Москва
|c КноРус
|d 2014
|
| 215 |
|
|
|a 211 с.
|
| 320 |
|
|
|a Библиогр.: с. 210-211.
|
| 330 |
|
|
|a Даны общеметодические принципы и порядок организации предпринимательской деятельности. Раскрывается содержание предпринимательства, его виды, организационно-правовые и организационно-экономические формы. Рассматриваются вопросы, связанные с формированием оптимальных условий развития предпринимательства в России, в том числе малого и среднего. Для студентов экономических специальностей, а также аспирантов и руководителей предприятий, слушателей курсов повышения квалификации.
|
| 606 |
1 |
|
|a Предпринимательская деятельность
|2 stltpush
|3 (RuTPU)RU\TPU\subj\36666
|9 57967
|
| 610 |
1 |
|
|a экономика
|
| 610 |
1 |
|
|a предпринимательство
|
| 610 |
1 |
|
|a конкуренция
|
| 610 |
1 |
|
|a организационные формы
|
| 610 |
1 |
|
|a инновации
|
| 610 |
1 |
|
|a бизнес-планирование
|
| 610 |
1 |
|
|a риски
|
| 610 |
1 |
|
|a прогнозирование
|
| 610 |
1 |
|
|a коммерция
|
| 610 |
1 |
|
|a маркетинг
|
| 610 |
1 |
|
|a конкурентоспособность
|
| 610 |
1 |
|
|a инвестиции
|
| 610 |
1 |
|
|a учебные пособия
|
| 686 |
|
|
|a У012.12я73
|v LBC/SL-A
|2 rubbk
|
| 700 |
|
1 |
|a Савкина
|b Р. В.
|g Раиса Васильевна
|
| 701 |
|
1 |
|a Мальцева
|b Е. Г.
|g Елена Геннадьевна
|
| 801 |
|
1 |
|a RU
|b 63413507
|c 20140117
|
| 801 |
|
2 |
|a RU
|b 63413507
|c 20150622
|g RCR
|
| 900 |
|
|
|a Организация предпринимательской деятельности
|
| 942 |
|
|
|c BK
|
| 951 |
|
|
|b 080100
|
| 959 |
|
|
|a 5/20140116
|d 2
|e 230,00
|f ЧЗГЛ:1
|f АНЛ:1
|